| 000 | 00689cam a2200253 a 4500 | ||
|---|---|---|---|
| 001 | 3261152 | ||
| 005 | 20131028060743.0 | ||
| 008 | 810929s1982 flu b 001 0 eng | ||
| 020 | _a0898742609 | ||
| 080 | _a323.1 | ||
| 100 | 1 | _aShafer, Boyd C. | |
| 245 | 1 | 0 |
_aNationalism and internationalism--belonging / _cBoyd C. Shafer. |
| 250 | _aOriginal ed. | ||
| 260 |
_aMalabar, Fla. : _bR.E. Krieger, _c1982. |
||
| 300 |
_a277 p. ; _c29 cm. |
||
| 490 | 0 | _aAnvil series | |
| 500 | _aPreface : f. [6] | ||
| 500 | _a"An Anvil original." | ||
| 500 | _aIncludes index. | ||
| 504 | _aBibliography: p. 266-271. | ||
| 650 | 0 | _aNacionalizmi | |
| 650 | 0 | _aInternacionalizmi | |
| 942 |
_2udc _cBK |
||
| 999 |
_c160 _d160 |
||